000 00568nam a2200181 4500
001 114097
003 ES-MaACL
005 20230906190057.0
007 t|
008 061121s1957 sp r ||||1| spa d
100 1 _aPalá Mediano, Fraancisco.
_988359
245 1 0 _aCiencia, técnica y práctica en la función notarial /
_cFrancisco Palá Mediano.
260 _aZaragoza :
_bEl Noticiero,
_c1957.
300 _a9 h. ;
_c24 cm.
500 _aEs tirada aparte de `Temis` Nº 2-1957, págs. 33-48.
852 _aES-MaACL
_j2068-F-24
_bR.70478
999 _c114097
_d114097